"Weird Al" Yankovic: Albums by Cover - Statistics

General Stats
  • This quiz has been taken 38 times
  • The average score is 10 of 14
Answer Stats
Picture Hint Answer % Correct
1996 Bad Hair Day
85%
1999 Running with Scissors
85%
2014 Mandatory Fun
82%
1983 "Weird Al" Yankovic
79%
1985 Dare to Be Stupid
76%
1988 Even Worse
76%
2003 Poodle Hat
76%
1989 UHF – Original Motion Picture Soundtrack and Other Stuff
74%
2011 Alpocalypse
68%
1986 Polka Party!
68%
2006 Straight Outta Lynwood
68%
1992 Off the Deep End
62%
1993 Alapalooza
59%
1984 "Weird Al" Yankovic in 3-D
35%
No matching quizzes found
Score Distribution
Percent of People with Each Score
Percentile by Number Answered
Your Score History
You have not taken this quiz